00929cas a22001937a 4500999001500000003000400015005001700019008004100036040001400077110003200091245019700123260004400320300002600364650006500390710006300455856007500518942001800593952012400611 c7851d7851OSt20240201181027.0170131s2000 sp |||||o 000 ||spa|d bcatcCDMR 94923aSpain Film Commission10aSostenibilidad de la industria audiovisual [recurs electrònic]c/ Spain Film Commision, REDCAU (Red de Clústers Audiovisuales de España), CENER (Centro Nacional de Energías Renovables) aMadrid :bSpain Film Commission, c2023 a1 PDF (111 pàgines) 0aIndústria audiovisualzEspanyaxPolítica ambiental93092 aRed de Clústers Audiovisuales de España (REDCAU)94924 uhttps://www.calameo.com/read/00738301587352ab1d32azAccés en línia cLLIBRE-E2udc 00104070aCDMRbCDMRd2024-02-01eDonaciól0oDisponible en líniapCDMR24020001r2024-02-01w2024-02-01yLLIBRE-E